Drużyny, które wygrały mistrzostwa świata w hokeju na lodzie - Statystyki

Ogólne statystyki
  • Ten quiz został rozwiązany 266 razy
  • Średni wynik to 8 z 10
Statystyki odpowiedzi
ILość zwycięstw Reprezentacja % Poprawnych
2 Stany Zjednoczone
98%
26 Kanada
97%
5 Rosja
95%
3 Finlandia
94%
11 Szwecja
94%
6 Czechy
82%
1 Słowacja
70%
22 Związek Radziecki
68%
1 Wielka Brytania
59%
6 Czechosłowacja
53%
Nie znaleziono quizów pasujących do podanych kryteriów
Rozkład punktacji
Procent ludzi z każdym wynikiem
Percentyl według liczby udzielonych odpowiedzi
Twoja historia wyników
Nie rozwiązałeś tego quizu